La educación nueva / (Record no. 11708)

000 -CABECERA
fixed length control field 00778nam a22002177a 4500
003 - IDENTIFICADOR DEL NÚMERO DE CONTROL
control field AR-CdUCM
008 - DATOS DE LONGITUD FIJA--INFORMACIÓN GENERAL
fixed length control field 190404b ||||| |||| 00| 0 spa d
040 ## - FUENTE DE LA CATALOGACIÓN
Agencia/entidad que catalogó originalmente la obra MUNICIPALIDAD PROVINCIAL DEL CUSCO
Entidad que transcribió la catalogación BIBLIOTECA MUNICIPAL DEL CUSCO
082 ## - NÚMERO DE LA CLASIFICACIÓN DECIMAL DEWEY
No. de la edición 3ed
No. de Clasificación 373.22 /
Notacion interna L98 / 1949
100 ## - ENTRADA PRINCIPAL--NOMBRE DE PERSONA
Nombre Personal Luzuriaga, Lorenzo
245 ## - MENCIÓN DE TÍTULO
Título La educación nueva /
260 ## - PUBLICACIÓN, DISTRIBUCIÓN, ETC.
Lugar de publicación, distribución, etc. Buenos Aires :
Nombre de la editorial, distribuidor, etc. Edit. Losada,
Fecha de publicación, distribución, etc. 1949.
300 ## - DESCRIPCIÓN FÍSICA
Nº de Páginas Extensión 204 páginas ;
Dimensiones 19 cm.
440 ## - MENCIÓN DE SERIE/PUNTO DE ACCESO ADICIONAL--TÍTULO
Título Biblioteca del maestro
Número de la parte/sección de una obra 14
9 (RLIN) 10013
505 ## - NOTA DE CONTENIDO CON FORMATO
Nota de contenido formateada Contenido: Desarrollo histórico de la educación nueva -- Las ideas -- Los métodos -- Las instituciones -- Las reformas.
650 ## - PUNTO DE ACCESO ADICIONAL DE MATERIA--TÉRMINO DE MATERIA
Descriptor Bibliografía
9 (RLIN) 1484
650 ## - PUNTO DE ACCESO ADICIONAL DE MATERIA--TÉRMINO DE MATERIA
Descriptor Educación
9 (RLIN) 460
650 ## - PUNTO DE ACCESO ADICIONAL DE MATERIA--TÉRMINO DE MATERIA
Descriptor Metodología
9 (RLIN) 2264
942 ## - ELEMENTOS DE PUNTO DE ACCESO ADICIONAL (KOHA)
Fuente de clasificación
Tipo de item Libros-BMC
945 ## - PROCESAMIENTO DE INFORMACIÓN LOCAL (OCLC)
Catalogador davv
AAAA-MM-DD - Fecha de ingreso o modificacion 04/04/2019
Holdings
Estado de retiro (separado) Fuente de clasificación o esquema de estanterías Estado dañado Ubicación Sala donde se ubica Nombre de la colección Fecha de adquisición o compra Costo, precio normal en soles Signatura topográfica Código de Barras Última vez visto (Koha) Tipo de ítem (Koha) Número de Ejemplar
No     Sala Cusco Antiguo Sala Cusco Antiguo Book Cart 2019-04-04 15.00 373.22 / L98 / 1949 SCA0001679 2019-04-04 Libros-BMC  
No     Sala Cusco Antiguo Sala Cusco Antiguo Book Cart 2019-04-09 15.00 373.22 / L98 / 1949 / e.2 SCA0002423 2019-04-09 Libros-BMC e.2

Powered by Koha